| Tag |
First Indicator |
Second Indicator |
Subfields |
| LEADER |
00000cam a2200000 i 4500 |
| 001 |
in00000040774 |
| 005 |
20151007064645.0 |
| 008 |
791211s1917 wiu 00000 eng d |
| 010 |
|
|
|a 17021810
|
| 035 |
|
|
|a (OCoLC)05782086
|
| 035 |
|
|
|9 AAE0330AM
|
| 040 |
|
|
|a EPL
|c EPL
|d TXA
|d UtOrBLW
|
| 049 |
|
|
|a TXAM
|c [340196]
|
| 090 |
|
|
|a UB373.H5
|b O65
|
| 092 |
|
|
|a 351.54
|b O48h
|
| 100 |
1 |
|
|a Oliver, John William,
|d 1886-
|
| 245 |
1 |
0 |
|a History of the Civil War military pensions, 1861-1865.
|
| 264 |
|
1 |
|a Madison, Wis. :
|b [University of Wisconsin],
|c 1917.
|
| 300 |
|
|
|a 120 pages
|
| 336 |
|
|
|a text
|b txt
|2 rdacontent
|
| 337 |
|
|
|a unmediated
|b n
|2 rdamedia
|
| 338 |
|
|
|a volume
|b nc
|2 rdacarrier
|
| 490 |
0 |
|
|a Bulletin of the University, no. 844. History series, v. 4, no. 1
|
| 650 |
|
0 |
|a Military pensions
|z United States
|y Civil War, 1861-1865.
|
| 830 |
|
0 |
|a Bulletin of the University of Wisconsin ;
|v no. 844.
|
| 830 |
|
0 |
|a Bulletin of the University of Wisconsin.
|p History series ;
|v v. 4, no. 1.
|
| 999 |
|
|
|a MARS
|
| 999 |
f |
f |
|s 7f8bdb65-560c-3c8a-a4d8-9cf05d73b0c3
|i ad209970-3afb-3074-8cdc-9892b66a517d
|t 0
|
| 952 |
f |
f |
|p normal
|a Texas A&M University
|b College Station
|c Sterling C. Evans Library
|d Evans: Library Stacks
|t 0
|e UB373.H5 O65
|h Library of Congress classification
|i unmediated -- volume
|m A14800794355
|
| 998 |
f |
f |
|a UB373.H5 O65
|t 0
|l Evans: Library Stacks
|